| 000 | 00489nam a2200181Ia 4500 | ||
|---|---|---|---|
| 008 | 220726s9999||||xx |||||||||||||| ||und|| | ||
| 020 | _a9789374736944 | ||
| 082 | _a610 | ||
| 082 | _bBah/P | ||
| 100 | _aBahmani, Kavita & Singh, Sumitra | ||
| 245 | 0 | _aDr. Kavita-PharmaciuticalRegulatory Science: As per the Latest Syllabus of Pharmacy Council of India | |
| 250 | _a1st Edition | ||
| 260 | _aDelhi | ||
| 260 | _bAITBS Publishers | ||
| 260 | _c2022 | ||
| 300 | _a146 | ||
| 942 | _cPB | ||
| 999 |
_c34365 _d34365 |
||